| 000 | 03663cam a22006254i 4500 | ||
|---|---|---|---|
| 003 | PE-LiUPU | ||
| 005 | 20250731184524.0 | ||
| 008 | 150616s1981 miua rb 001 0 spa d | ||
| 020 | _a0825418739 | ||
| 035 | _a(Sirsi) i9780825418730 | ||
| 040 |
_aPE-LiUPU _bspa _cPE-LiUPU _erda |
||
| 049 | _aPRUA | ||
| 082 | 0 | 4 |
_a956.94 _bW56 _221 |
| 100 | 1 |
_aWight, Fred H., _eautor. |
|
| 245 | 1 | 0 | _aUsos y costumbres de las tierras bíblicas. |
| 264 | 1 |
_aChicago : _bMoody Press, _c1981. |
|
| 300 |
_a334 páginas : _bilustraciones ; _c21 centímetros |
||
| 336 |
_atext _2rdacontent |
||
| 337 |
_aunmediated _2rdamedia |
||
| 338 |
_avolume _2rdacarrier |
||
| 504 | _aBibliografía : páginas 331-334. | ||
| 504 | _aÍndice : páginas 335. | ||
| 505 | 0 | _aMoradores de la tiendas de campaña -- Casas de un solo cuarto -- Casas de más de una pieza -- Alimentos y modo de prepararlos -- Costumbres a la hora de las comidas -- Cenas y banquetes especiales -- Disposición oriental para agasajar un huésped -- Programa diario de actividades -- Vestidos y ornamentos -- Posición de los padres en el hogar -- Nacimiento -- Educación de la juventud -- La religión en el hogar -- Costumbres matrimoniales -- Algunos eventos especiales de las festividades matrimoniales -- Enfermedades en las tierras Bíblicas -- La muerte en las tierras orientales -- Vida pastoril -- Cultivo y cosecha del grano -- Cultivo de las viñas -- Cultivo del olivo y de la higuera -- Oficios y profesiones -- Música vocal e instrumental. | |
| 526 | _aP136 | ||
| 526 | _aP135 | ||
| 526 | _aP134 | ||
| 526 | _aP133 | ||
| 526 | _aP144 | ||
| 526 | _aP143 | ||
| 526 | _aP87 | ||
| 526 | _aP35 | ||
| 526 | _aP20 | ||
| 526 | _aP14 | ||
| 526 | _aP10 | ||
| 526 | _aP06 | ||
| 651 |
_aPalestina _xFolklore |
||
| 651 |
_aPalestina _xUsos y costumbres. |
||
| 910 |
_ajck _bjvq _cjck |
||
| 942 |
_2ddc _cBOOK |
||
| 949 |
_a956.94 W56 _wDEWEY _c1 _i50959 _lCCODEBUL1 _mBUL _r0 _sY _tBOOK _u2015-6-16 _xTEOLOGIA _PP35 _0COMPRA _o.STAFF. Colección Teología |
||
| 949 |
_a956.94 W56 _wDEWEY _c2 _i36507 _d2015-10-4 _e2015-9-27 _lCCODEBUL1 _mBUL _n2 _r0 _sY _tBOOK _u2015-4-23 _xTEOLOGIA _zUNKNOWN _0COMPRA _o.STAFF. Colección Teología |
||
| 949 |
_a956.94 W56 _wDEWEY _c3 _i04434 _d2016-8-15 _e2016-8-9 _lCCODEBUL1 _mBUL _n1 _r0 _sY _tBOOK _u2015-4-23 _xTEOLOGIA _zUNKNOWN _0COMPRA _o.STAFF. Colección Teología |
||
| 949 |
_a220.91 W56 1981 _wDEWEY _c1 _iFJ07666 _lCCODEBUJ1 _mBUJ _p12.50 _r0 _sY _tBOOK _u2017-10-25 _xBIBLIOTECA _zUNKNOWN _0COMPRA _o.STAFF -- Colección General Juliaca |
||
| 994 |
_aC0 _bPEPRU |
||
| 596 | _a1 3 | ||
| 999 |
_a956.94 W56 _wDEWEY _c18742 _i50959 _f2021-11-8 _g5 _lCCODEBUL1 _mBUL _r0 _sY _tBOOK _u2015-6-16 _xBIBLIOTECA _PP35 _0COMPRA _o.STAFF. Colección General _d18742 |
||
| 999 |
_a956.94 W56 _wDEWEY _c2 _i36507 _d2015-10-4 _e2015-9-27 _f2019-12-10 _g4 _lDISCARD _mBUL _n2 _p12.00 _r1 _sY _tBOOK _u2015-4-23 _xUNKNOWN _PP35 _0COMPRA _o.STAFF. Colección Teología |
||
| 999 |
_a956.94 W56 _wDEWEY _c3 _i04434 _d2016-8-15 _e2016-8-9 _f2019-12-10 _g4 _lDISCARD _mBUL _n1 _p10.00 _r1 _sY _tBOOK _u2015-4-23 _xUNKNOWN _zUNKNOWN _0COMPRA _o.STAFF. Colección General |
||
| 999 |
_a956.94 W56 _wDEWEY _c4 _i77025 _f2021-11-12 _g3 _lCCODEBUL1 _mBUL _r0 _sY _tBOOK _u2018-2-14 _xTEOLOGIA _PP35 _0COMPRA _o.STAFF. Colección Teología |
||
| 999 |
_a220.91 W56 1981 _wDEWEY _c1 _iFJ07666 _d2017-9-1 _f2022-2-3 _g4 _lCCODEBUJ1 _mBUJ _p12.50 _q1 _r0 _sY _tBOOK _u2017-4-24 _xBIBLIOTECA _zUNKNOWN _0DONACION _o.STAFF. Colección General Juliaca |
||
| 980 |
_81 _gALBERTO SANCHEZ Responsable de Automatización |
||